00539nam a2200169 a 4500008004100000020002200041100002300063245012200086260004700208300003400255500001900289650001300308700002100321003000100342005001700343040000900360  a0702020419 (pbk.)1 aDean, Christopher.10aCore anatomy for students :bVol. 2: the thorax, abdomen, pelvis and perineum /cChristopher Dean and John Pegington. aLondon :bWB Saunders Company Ltd.,c1996. aviii,139 p. :bill. ;c25 cm. aInclude index. 1aAnatomy. aPegington, John.20230120204013.0 cNUST